|
|
|
|
| LEADER |
00000nab a2200000ua 4500 |
| 001 |
vtls010850590 |
| 003 |
SK-MaSNL |
| 005 |
20260303135010.0 |
| 008 |
230218s2011 xo |||||||||||||||||eng| |
| 035 |
|
|
|a (urnnbn)urn:nbn:sk:snk:ar-a07ams
|
| 035 |
|
|
|a urn:nbn:sk:snk-ab6b0u
|
| 035 |
|
|
|a (uuid)c49be053-d1ea-467c-b2e4-f84c6954e5e0
|
| 040 |
|
|
|a SNKBUCL
|b slo
|c SNKBUCL
|e AACR2
|
| 041 |
0 |
|
|a eng
|
| 044 |
|
|
|a xo
|c SK
|
| 100 |
1 |
|
|a Bober, Peter,
|d 1964-
|4 aut
|9 223916
|
| 245 |
1 |
0 |
|a COMPARISON OF DIFFERENT APPROACHES TO THE CUTTING PLAN SCHEDULING
|c Peter Bober
|
| 773 |
0 |
|
|t Kvalita Inovácia Prosperita
|g Roč. 15, č. 1 (2011), s. 47-56
|
| 958 |
|
|
|a OND
|
| 958 |
|
|
|a EUIPO
|
| 958 |
|
|
|a article5
|
| 999 |
|
|
|c 1963151
|d 1965081
|